კერძო ფიზიოლოგია / (ბიბ.ჩანაწერი № 62617)
[ მარტივი ფორმატი ]
| 000 -ლიდერი | |
|---|---|
| ფიქსირებული სიგრძის საკონტროლო ველი | 00715nam a22001937a 4500 |
| 003 - საკონტროლო ნომრის იდენტიფიკატორი | |
| საკონტროლო ველი | Ge_BSU |
| 005 - ბოლო ოპერაციის თარიღი და დრო | |
| საკონტროლო ველი | 20241219103933.0 |
| 008 - ფიქსირებული სიგრძის მონაცემთა ელემენტები - ზოგადი ინფორმაცია | |
| ფიქსირებული სიგრძის საკონტროლო ველი | 241219s1979 ge ||||| |||| 00| 0 geo d |
| 041 ## - ენის კოდი | |
| Language code of text/sound track or separate title | geo |
| 080 ## - უნივერსალური ათობითი კლასიფიკაციის ინდექსი | |
| Universal Decimal Classification number | 612.1/8 ს-56 |
| 100 ## - მთავარი ჩანაწერი - პიროვნების სახელი | |
| Personal name | სიხარულიძე, ა. |
| 9 (RLIN) | 18987 |
| 245 ## - ცნობა სათაურის შესახებ | |
| Title | კერძო ფიზიოლოგია / |
| Statement of responsibility, etc | ა. სიხარულიძე; რედ. ა. ბაჩიძე. |
| 264 ## - წარმოების, გამოცემის, დისტრიბუციის და სხვა ცნობები | |
| გამოცემის, წარმოების, დისტრიბუციის... ადგილი | თბ. : |
| გამოცემის, წარმოების, დისტრიბუციის... სახელწოდება | განათლება, |
| გამოცემის, წარმოების, დისტრიბუციის... თარიღი | 1979. |
| 300 ## - ფიზიკური აღწერა | |
| Extent | 291გვ. ; |
| Other physical details | 21სმ. |
| 653 ## - INDEX TERM--UNCONTROLLED | |
| Uncontrolled term | კერძო ფიზიოლოგია |
| 653 ## - INDEX TERM--UNCONTROLLED | |
| Uncontrolled term | მედიცინა |
| 700 ## - ADDED ENTRY--PERSONAL NAME | |
| Personal name | ბაჩიძე, ა |
| Relator term | რედაქტორი |
| 9 (RLIN) | 2025 |
| 942 ## - ADDED ENTRY ELEMENTS (KOHA) | |
| Source of classification or shelving scheme | |
| Koha item type | წიგნი |
| ჩამოწერის სტატუსი | დაკარგული ეგზემპლარის სტატუსი | კლასიფიკაციის წყარო ან თაროზე გაწყობის სქემა | დაზიანების სტატუსი | არ გაიცემა | მუდმივი მდებარეობა (დაცვის ადგილი) | ამჟამინდელი ადგილსამყოფელი | თაროზე განთავსების ადგილი | შეძენის თარიღი | ღირებულება, შესყიდვის ნორმალური ფასი | სრული შენახვის შიფრი | შტრიხკოდი | ბოლო ოპერაციის თარიღი | ეგზემპლარის მიმდევრობითი ნომერი (კეტერი?) | ფასის ძალაში შესვლის თარიღი | ეგზემპლარის სახეობა | საჯარო შენიშვნა |
|---|---|---|---|---|---|---|---|---|---|---|---|---|---|---|---|---|
| ბათუმის შოთა რუსთაველის სახელმწიფო უნივერსიტეტის მთავარი ბიბლიოთეკა | ბათუმის შოთა რუსთაველის სახელმწიფო უნივერსიტეტის მთავარი ბიბლიოთეკა | წიგნსაცავი | 2024-12-19 | 5.20 | 612.1/8 ს-56 | 70056 | 2024-12-19 | 70056 | 2024-12-19 | წიგნი | 5 ლ. 20 თ. | |||||
| ბათუმის შოთა რუსთაველის სახელმწიფო უნივერსიტეტის მთავარი ბიბლიოთეკა | ბათუმის შოთა რუსთაველის სახელმწიფო უნივერსიტეტის მთავარი ბიბლიოთეკა | წიგნსაცავი | 2024-12-19 | 5.20 | 612.1/8 ს-56 | 70057 | 2024-12-19 | 70057 | 2024-12-19 | წიგნი | 5 ლ. 20 თ. | |||||
| ბათუმის შოთა რუსთაველის სახელმწიფო უნივერსიტეტის მთავარი ბიბლიოთეკა | ბათუმის შოთა რუსთაველის სახელმწიფო უნივერსიტეტის მთავარი ბიბლიოთეკა | წიგნსაცავი | 2024-12-19 | 5.20 | 612.1/8 ს-56 | 70058 | 2024-12-19 | 70058 | 2024-12-19 | წიგნი | 5 ლ. 20 თ. | |||||
| ბათუმის შოთა რუსთაველის სახელმწიფო უნივერსიტეტის მთავარი ბიბლიოთეკა | ბათუმის შოთა რუსთაველის სახელმწიფო უნივერსიტეტის მთავარი ბიბლიოთეკა | წიგნსაცავი | 2024-12-19 | 5.20 | 612.1/8 ს-56 | 70059 | 2024-12-19 | 70059 | 2024-12-19 | წიგნი | 5 ლ. 20 თ. | |||||
| ბათუმის შოთა რუსთაველის სახელმწიფო უნივერსიტეტის მთავარი ბიბლიოთეკა | ბათუმის შოთა რუსთაველის სახელმწიფო უნივერსიტეტის მთავარი ბიბლიოთეკა | წიგნსაცავი | 2024-12-19 | 5.20 | 612.1/8 ს-56 | 70060 | 2024-12-19 | 70060 | 2024-12-19 | წიგნი | 5 ლ. 20 თ. |
